| 000 | 00472cam a22001577a 4500 | ||
|---|---|---|---|
| 008 | 180718b2001 xxu||||| |||| 00| 0 eng d | ||
| 020 | _a8175410795 | ||
| 082 | _aB12 Y1 | ||
| 245 |
_aDynamics of population change: emerging issues of 21st century _cedited by R.C. Yadava, K.N.S. Yadava and K.K. Singh |
||
| 260 |
_aDelhi _bShipra _c2001 |
||
| 300 | _a304p. | ||
| 650 | _aIndia - Population | ||
| 700 | _aSingh, K.K. | ||
| 700 | _aYadava, K.N.S. | ||
| 700 | _aYadava, R.C. | ||
| 999 |
_c396183 _d396183 |
||